| 000 | 01143nam a22003497a 4500 | ||
|---|---|---|---|
| 003 | CHAP | ||
| 005 | 20230608091855.0 | ||
| 008 | 100601s2008 mx a r 00010 spa d | ||
| 010 | _a98566 | ||
| 011 | _a99538 | ||
| 020 | _a9786071200167 | ||
| 035 | _a110224 | ||
| 040 | _cCHAP | ||
| 082 | 1 | 4 |
_a331.5 _bP38 |
| 245 | 0 | 0 |
_aPensamiento, trabajo humano y sociedad _c/por Francisco J. Ramírez Díaz |
| 260 |
_aChapingo, Méx. : _bUACH, _c2009 |
||
| 300 |
_a199 p. : _bilus., cuadros |
||
| 490 | 0 |
_aColección Tlatemoa _v3 |
|
| 590 |
_aBATCH-UPD _b10 _c20130110 _lUCH01 _h0948 |
||
| 590 |
_aBATCH-UPD _b10 _c20130410 _lUCH01 _h0602 |
||
| 590 |
_aBATCH-UPD _b10 _c20130914 _lUCH01 _h1006 |
||
| 590 |
_aCONVERSION _b10 _c20130109 _lUCH01 _h1354 |
||
| 650 | 0 | 4 |
_aMarxismo. _972728 |
| 650 | 1 | 4 |
_aSociología. _9108197 |
| 700 | 1 |
_aRamírez Díaz, Francisco Javier _993968 |
|
| 830 | 0 |
_aColección Tlatemoa _v3 _925011 |
|
| 901 | _aBK | ||
| 911 | _aen proceso | ||
| 942 | _cLIBRO | ||
| 949 |
_a331.5 P38 _bBC _cLIBRO _d33724002172256 _eLIBRO _fc.2 _gI.c/e _h112666 _i110224 _sb |
||
| 949 |
_a331.5 P38 _bBC _cUACH _d33724002172215 _eUACH _gI.c/e _h112665 _i110224 _sb |
||
| 999 |
_c98566 _d98566 |
||